Studi di diritto costituzionale romano
Salvato in:
| Autore principale: | |
|---|---|
| Natura: | Libro |
| Lingua: | italiano |
| Pubblicazione: |
Nápoles
Jovene Editore
2008
|
| Serie: | Antiqua, 94
|
| Soggetti: | |
| Tags: |
Aggiungi Tag
Nessun Tag, puoi essere il primo ad aggiungerne!!
|
MARC
| LEADER | 00000nam a2200000 a 4500 | ||
|---|---|---|---|
| 001 | UCG0376 | ||
| 003 | CL-VaPUC | ||
| 008 | 100325e20080000IT |||||||||||||||||ita|d | ||
| 082 | 0 | 4 | |a 342.45 |b GUA |2 21 |
| 100 | 0 | |a Guarino, Antonio |e author |9 351123 | |
| 245 | 1 | 0 | |a Studi di diritto costituzionale romano |
| 300 | |a 2 v | ||
| 942 | |c BK | ||
| 945 | |d 20100325 00:00:00 |a rbrito | ||
| 260 | |a Nápoles |b Jovene Editore |c 2008 | ||
| 650 | 7 | |a DERECHO CONSTITUCIONAL ITALIANO |2 CL-VaPUC |9 454635 | |
| 650 | 0 | |a Constitución política |9 336925 | |
| 650 | 0 | |a Historia del derecho |9 255109 | |
| 651 | 0 | |a Italia |9 254949 | |
| 583 | |a last modification |c 20121214 10:39:22 |k Rodrigo Vera | ||
| 490 | 0 | |a Antiqua, 94 | |
| 999 | |c 340018 |d 340016 | ||
| 952 | |0 0 |1 0 |4 0 |6 342_450000000000000_GUA_2008 |7 0 |8 A |9 434323 |a BIBDER |b BIBDER |d 2019-11-22 |h v.1 |i 465532K |o 342.45 GUA 2008 |p 465532K |r 2023-01-25 |w 2019-11-22 |y BK |k DER | ||
| 952 | |0 0 |1 0 |4 0 |6 342_450000000000000_GUA_2008 |7 0 |8 A |9 434324 |a BIBDER |b BIBDER |d 2019-11-22 |h v.2 |i 4655338 |o 342.45 GUA 2008 |p 4655338 |r 2023-01-25 |w 2019-11-22 |y BK |k DER | ||